Housekeeping management in hotel and service industry (Record no. 294070)
[ view plain ]
| 000 -LEADER | |
|---|---|
| fixed length control field | 00422nam a2200157Ia 4500 |
| 005 - DATE AND TIME OF LATEST TRANSACTION | |
| control field | 20241108140035.0 |
| 008 - FIXED-LENGTH DATA ELEMENTS--GENERAL INFORMATION | |
| fixed length control field | 240126s9999 xx 000 0 und d |
| 020 ## - INTERNATIONAL STANDARD BOOK NUMBER | |
| International Standard Book Number | 9789388425957 |
| 082 ## - DEWEY DECIMAL CLASSIFICATION NUMBER | |
| Classification number | 647.94 GAN;1 R |
| 100 ## - MAIN ENTRY--PERSONAL NAME | |
| Personal name | Ganguly, Pralay. |
| 245 #0 - TITLE STATEMENT | |
| Title | Housekeeping management in hotel and service industry |
| 260 ## - PUBLICATION, DISTRIBUTION, ETC. (IMPRINT) | |
| Name of publisher, distributor, etc. | I K Intelnational |
| Place of publication, distribution, etc. | New Delhi |
| Date of publication, distribution, etc. | 2019 |
| 300 ## - PHYSICAL DESCRIPTION | |
| Extent | xii, 372 |
| 440 ## - SERIES STATEMENT/ADDED ENTRY--TITLE | |
| Title | NULL |
| 942 ## - ADDED ENTRY ELEMENTS (KOHA) | |
| Koha item type | PESU Books |
| Date last seen | Total Checkouts | Full call number | Accession number | Volume/Issue Number | Cost, replacement price | Price effective from | Category | Lost status | Source of classification or shelving scheme | Damaged status | Department | Withdrawn status | bill no. | Permanent Location | Current Location | Shelving location | Entry date | Vendor | Cost, normal purchase price | Grants | Currency symbol | Conversion rate | Discount | Discount type |
|---|---|---|---|---|---|---|---|---|---|---|---|---|---|---|---|---|---|---|---|---|---|---|---|---|
| 26/01/2024 | 647.94 GAN;1 R | PU12639 | (11/07/1905) | 378.00 | 26/01/2024 | PESU Books | Dewey Decimal Classification | HEM | KLBH/59/2022-23 | Central Library | Central Library | HM | 27/06/2022 | KL Book House | 525.00 | HM | RS | 1 | 28 | Percentage |
